<?xml version="1.0" encoding="UTF-8"?>
<record
    xmlns:xsi="http://www.w3.org/2001/XMLSchema-instance"
    xsi:schemaLocation="http://www.loc.gov/MARC21/slim http://www.loc.gov/standards/marcxml/schema/MARC21slim.xsd"
    xmlns="http://www.loc.gov/MARC21/slim">

  <leader>01101cam a22003011a 4500</leader>
  <controlfield tag="001">k  68000658 </controlfield>
  <controlfield tag="003">DLC</controlfield>
  <controlfield tag="005">20260227111525.0</controlfield>
  <controlfield tag="008">991028s1964    ko a          000 0 kor  </controlfield>
  <datafield tag="010" ind1=" " ind2=" ">
    <subfield code="a">k  68000658 </subfield>
  </datafield>
  <datafield tag="035" ind1=" " ind2=" ">
    <subfield code="a">(CStRLIN)DCLP99-B11511</subfield>
  </datafield>
  <datafield tag="040" ind1=" " ind2=" ">
    <subfield code="a">DLC</subfield>
    <subfield code="c">DLC-R</subfield>
    <subfield code="d">DLC</subfield>
  </datafield>
  <datafield tag="043" ind1=" " ind2=" ">
    <subfield code="a">a-kr---</subfield>
  </datafield>
  <datafield tag="050" ind1="0" ind2="0">
    <subfield code="a">PN6267.K6</subfield>
    <subfield code="b">H3</subfield>
  </datafield>
  <datafield tag="066" ind1=" " ind2=" ">
    <subfield code="c">$1</subfield>
  </datafield>
  <datafield tag="245" ind1="0" ind2="0">
    <subfield code="6">880-01</subfield>
    <subfield code="a">Han&#x2BC;guk yadam ch&#x14F;njip /</subfield>
    <subfield code="c">[p&#x2BB;y&#x14F;nj&#x14F;ja taep&#x2BB;yo, Paek Tae-jin, Kim Yong-je].</subfield>
  </datafield>
  <datafield tag="260" ind1=" " ind2=" ">
    <subfield code="6">880-02</subfield>
    <subfield code="a">[S&#x14F;ul] :</subfield>
    <subfield code="b">Sams&#x14F;ng Ch&#x2BB;ulp&#x2BB;ansa,</subfield>
    <subfield code="c">[1964]</subfield>
  </datafield>
  <datafield tag="300" ind1=" " ind2=" ">
    <subfield code="a">10 v. :</subfield>
    <subfield code="b">ill. ;</subfield>
    <subfield code="c">19 cm.</subfield>
  </datafield>
  <datafield tag="505" ind1="0" ind2=" ">
    <subfield code="a">1. Kogury&#x14F; p&#x2BB;y&#x14F;n -- 2. Paekche p&#x2BB;y&#x14F;n -- 3-4. Silla p&#x2BB;y&#x14F;n -- 5-6. Kory&#x14F; p&#x2BB;y&#x14F;n -- 7-10. Yijo p&#x2BB;y&#x14F;n.</subfield>
  </datafield>
  <datafield tag="650" ind1=" " ind2="0">
    <subfield code="a">Anecdotes.</subfield>
  </datafield>
  <datafield tag="651" ind1=" " ind2="0">
    <subfield code="a">Korea</subfield>
    <subfield code="x">History</subfield>
    <subfield code="v">Anecdotes.</subfield>
  </datafield>
  <datafield tag="700" ind1="1" ind2=" ">
    <subfield code="6">880-03</subfield>
    <subfield code="a">Paek, Tae-jin.</subfield>
  </datafield>
  <datafield tag="700" ind1="1" ind2=" ">
    <subfield code="6">880-04</subfield>
    <subfield code="a">Kim, Yong-je,</subfield>
    <subfield code="d">1909-</subfield>
  </datafield>
  <datafield tag="880" ind1="0" ind2="0">
    <subfield code="6">245-01/$1</subfield>
    <subfield code="a">&#x97D3;&#x570B;  &#x91CE;&#x8AC7;  &#x5168;&#x96C6; /</subfield>
    <subfield code="c">[&#x7DE8;&#x8457;&#x8005;&#x3000;&#x4EE3;&#x8868;&#x30FB;&#x767D;&#x3000;&#x5927;&#x93AD;&#x30FB;&#x91D1;&#x3000;&#x9F8D;&#x6FDF;].</subfield>
  </datafield>
  <datafield tag="880" ind1=" " ind2=" ">
    <subfield code="6">260-02/$1</subfield>
    <subfield code="a">[&#xC11C;&#xC6B8;] :</subfield>
    <subfield code="b">&#x4E09;&#x7701;  &#x51FA;&#x7248;&#x793E;,</subfield>
    <subfield code="c">[1964]</subfield>
  </datafield>
  <datafield tag="880" ind1="1" ind2=" ">
    <subfield code="6">700-03/$1</subfield>
    <subfield code="a">&#x767D;&#x3000;&#x5927;&#x93AD;.</subfield>
  </datafield>
  <datafield tag="880" ind1="1" ind2=" ">
    <subfield code="6">700-04/$1</subfield>
    <subfield code="a">&#x91D1;&#x3000;&#x9F8D;&#x6FDF;,</subfield>
    <subfield code="d">1909-</subfield>
  </datafield>
  <datafield tag="999" ind1=" " ind2=" ">
    <subfield code="c">35436</subfield>
    <subfield code="d">35436</subfield>
  </datafield>
</record>
